000 00396nam a2200145Ia 4500
008 240729s9999 xx 000 0 und d
022 _a2278-7127
245 0 _aJournal of the Scientific Society
260 _aIndia
260 _bWolters Kluwer Medknow Publications
650 _aMedicine
856 _uhttps://doaj.org/toc/3ef076906a5c4171a2f837bf6b084ea5
942 _2ddc
942 _cDOAJEJ
999 _c70186
_d70186
945 _a1
_bMadushi Gamage
_c1
_dMadushi Gamage